Deals struck under duress declared void (Record no. 65685)

MARC details
000 -LEADER
fixed length control field 01102cam a2200229 4500
001 - CONTROL NUMBER
control field ABS63261
008 - FIXED-LENGTH DATA ELEMENTS--GENERAL INFORMATION
fixed length control field 000000n2000 000 0 eng u
035 ## - SYSTEM CONTROL NUMBER
System control number (Sirsi) u110149
100 ## - MAIN ENTRY--PERSONAL NAME
Personal name Rawstron, A
245 ## - TITLE STATEMENT
Title Deals struck under duress declared void
260 ## - PUBLICATION, DISTRIBUTION, ETC.
Date of publication, distribution, etc. 2000
490 ## - SERIES STATEMENT
Series statement Construction News
Volume/sequential designation (6696) 14 December 2000, 12(1)
520 ## - SUMMARY, ETC.
Summary, etc. Examines the issue of agreements established under duress which then may be subsequently declared void. Highlights two decisions "DSND Subsea Ltd v Petroleum Geo Services ASA (PGS)" which showed that threatening to breach a contract is illegitimate pressure and "Carillion Construction v Felix UK", concluding that in future the courts will have to consider whether the aggrieved party had any practical alternative to entering into the agreement.
590 ## - LOCAL NOTE (RLIN)
Local note ABS
650 ## - SUBJECT ADDED ENTRY--TOPICAL TERM
Topical term or geographic name entry element DURESS
650 ## - SUBJECT ADDED ENTRY--TOPICAL TERM
Topical term or geographic name entry element CONSTRUCTION DISPUTES
650 ## - SUBJECT ADDED ENTRY--TOPICAL TERM
Topical term or geographic name entry element CARILLION CONSTRUCTION V FELIX UK
650 ## - SUBJECT ADDED ENTRY--TOPICAL TERM
Topical term or geographic name entry element CONTRACT CLAIMS
650 ## - SUBJECT ADDED ENTRY--TOPICAL TERM
Topical term or geographic name entry element DSND SUBSEA LTD V PETROLEUM GEO SERVICES ASA (PGS)
690 ## - LOCAL SUBJECT ADDED ENTRY--TOPICAL TERM (OCLC, RLIN)
Topical term or geographic name as entry element BUILT ENVIRONMENT-BUILDING CONTRACT FORMS
942 ## - ADDED ENTRY ELEMENTS (KOHA)
Suppress in OPAC 0
Holdings
Withdrawn status Lost status Source of classification or shelving scheme Damaged status Not for loan Home library Current library Shelving location Date acquired Total Checkouts Full call number Barcode Date last seen Copy number Price effective from Koha item type
    Dewey Decimal Classification     London London Journal article 04/01/2001   ABS63261 110149-1001 06/08/2019 1 06/08/2019 Journal article